| 000 | 01691nam a2200241Ia 4500 | ||
|---|---|---|---|
| 003 | Ost | ||
| 005 | 20260507075030.0 | ||
| 008 | 260507s9999||||xx |||||||||||||| ||und|| | ||
| 020 | _a9081079957 | ||
| 040 | _cfsecg | ||
| 041 | _aara | ||
| 082 | _a330 | ||
| 100 |
_aعبد الله، خالد أمين _eمؤلف |
||
| 245 | 0 |
_aمحاسبة الشركات / _c خالد أمين عبد الله |
|
| 260 |
_aعمان: _bدار الفكر للطباعة والنشر والتوزيع, _c2001 |
||
| 300 |
_a437 صفحة؛ _bإيضاحات ؛ _c24 سم |
||
| 520 | _aالمدخل الى محاسبة الشركات وشركة التضامن، رأسمال شركة التضامن، الحسابات المتعلقة بالشركاء، الجرد والحسابات والقوائم المالية الختامية، التغيير في عقد شركة التضامن، فسخ شركة التضامن وتصفيتها، الشركة المساهمة، السجلات والمستندات المستعملة في محاسبة الشركات المساهمة، رأسمال الشركة المساهمة العامة، زيادة رأسمال الشركة المساهمة العامة، اسناد القرض و الجرد والحسابات الختامية والميزانية في الشركات المساهمة العامة، الإحتياطات والمخصصات، تصفية الشركة المساهمة وفسخها، الشركات ذات المسؤولية المحددة | ||
| 653 | _aالشركات | ||
| 653 | _aالشركات- المحاسبة | ||
| 653 | _aالمحاسبة | ||
| 700 |
_aأبو عاصي، حمزة بشير _eمؤلف ثانوي |
||
| 942 | _cكتاب | ||
| 999 |
_c42391 _d42391 |
||